000 00696nam a2200241Ia 4500
005 20260430150412.0
008 008 250103s9999 xx 000 0 eng d
037 _aTheses
040 _aCRL
040 _beng
040 _ceng
041 _2eng
041 _aeng
084 _qCRL
100 _aSingh Ankit Kumar Au.; Dixit Vijay Kumar Gu.
_91237390
245 0 _aStudy on Socio Economic Status of Farmers Practicing Organic Farming in Uttar Pradesh
260 _c2022
300 _a222p.
650 _aSocial Sciences
700 _aUniversity of Delhi. Faculty of Social Sciences. Deptt. of Adult, Continuing Education & Extension
942 _cTH
999 _c1849694
_d1849694